Catálogo público

Boletín Informativo de los Comités Directivos Agrícolas de los Distritos de Riego Nos. 24 y 61 de Sahuayo y Zamora, Mich. (Record no. 78640)

MARC details
000 -CABECERA
campo de control de longitud fija 01448cas a22003017ar4500
005 - FECHA Y HORA DE LA ÚLTIMA TRANSACCIÓN
campo de control 20220329142119.0
008 - DATOS DE LONGITUD FIJA--INFORMACIÓN GENERAL
campo de control de longitud fija 990804d 1967mx qr pernn 0 uub1spa d
010 ## - NÚMERO DE CONTROL DE LA BIBLIOTECA DEL CONGRESO
Número de control de LC 78640
011 ## - ENLACE DEL NUMERO DE CONTROL DE LA BIBLIOTECA DEL CONGRESO [OBSOLETO]
Número de control de LC 79612
035 ## - NÚMERO DE CONTROL DEL SISTEMA
Número de control de sistema 89970
245 00 - MENCIÓN DE TÍTULO
Título Boletín Informativo de los Comités Directivos Agrícolas de los Distritos de Riego Nos. 24 y 61 de Sahuayo y Zamora, Mich.
Mención de responsabilidad, etc. /por Comités Directivos Agrícolas de los Distritos de Riego Nos. 24 y 61 de Sahuayo y Zamora, Mich.
260 0# - PUBLICACIÓN, DISTRIBUCIÓN, ETC.
Lugar de publicación, distribución, etc. Sahuayo y Zamora, Mich. :
Nombre del editor, distribuidor, etc. Comités Directivos Agrícolas de los Distritos de Riego Nos. 24 y 61 de Sahuayo y Zamora, Mich.,
300 ## - DESCRIPCIÓN FÍSICA
Extensión v.
310 ## - PERIODICIDAD ACTUAL
Periodicidad actual Trimestral
362 1# - FECHAS DE PUBLICACIÓN Y/O DESIGNACIÓN SECUENCIAL
Fecha de publicación y/o designación secuencial v.2 n.24-27, 1963
500 ## - NOTA GENERAL
Nota general A partir de 1968 la publicación se dividió en : Ciénega de Chapala y Boletín Informativo. Comité Directivo del Distrito de Riego No.61 Zamora, Mich.
500 ## - NOTA GENERAL
Nota general Se dejó de publicar a partir del v.6 n.41, 1967
590 ## - NOTA LOCAL (RLIN)
Nota local BATCH-UPD
Procedencia (VM) [OBSOLETO] 10
Condición del los carretes individuales (VM) [OBSOLETO] 20130110
-- UCH01
-- 0646
590 ## - NOTA LOCAL (RLIN)
Nota local BATCH-UPD
Procedencia (VM) [OBSOLETO] 10
Condición del los carretes individuales (VM) [OBSOLETO] 20130410
-- UCH01
-- 0330
590 ## - NOTA LOCAL (RLIN)
Nota local BATCH-UPD
Procedencia (VM) [OBSOLETO] 10
Condición del los carretes individuales (VM) [OBSOLETO] 20130914
-- UCH01
-- 1209
590 ## - NOTA LOCAL (RLIN)
Nota local CONVERSION
Procedencia (VM) [OBSOLETO] 10
Condición del los carretes individuales (VM) [OBSOLETO] 20130109
-- UCH01
-- 1344
650 14 - PUNTO DE ACCESO ADICIONAL DE MATERIA--TÉRMINO DE MATERIA
Término de materia o nombre geográfico como elemento de entrada Distrito de Riego Sahuayo, Mich.
Subdivisión general Publicaciones periódicas.
9 (RLIN) 32938
650 14 - PUNTO DE ACCESO ADICIONAL DE MATERIA--TÉRMINO DE MATERIA
Término de materia o nombre geográfico como elemento de entrada Distrito de Riego Zamora, Mich.
Subdivisión general Publicaciones periódicas.
9 (RLIN) 32958
650 14 - PUNTO DE ACCESO ADICIONAL DE MATERIA--TÉRMINO DE MATERIA
Término de materia o nombre geográfico como elemento de entrada Irrigación
Subdivisión general Publicaciones periódicas.
9 (RLIN) 60475
866 ## - MENCIÓN TEXTUAL DE FONDOS--UNIDAD BIBLIOGRÁFICA BÁSICA
Cadena textual v.6 n.38-41 (1967)
901 ## - ELEMENTOS DE DATOS A LOCAL LDA (RLIN)
a SE
905 ## - ELEMENTOS DE DATOS E LOCAL, LDE (RLIN)
a Ma. del Socorro Iturbe C.

No items available.